[Event "Chigorin Memorial 30th"]
[Site "St Petersburg"]
[Date "2023.10.28"]
[Round "8"]
[White "Antipov, Fedor"]
[Black "Timoshin, Maxim"]
[Result "0-1"]
[WhiteElo "1959"]
[BlackElo "2282"]
[PlyCount "74"]
[EventDate "2023.10.21"]
[EventType "swiss"]
[EventRounds "9"]
[EventCountry "RUS"]
[SourceTitle "Mega2024 Update 01"]
[Source "Chessbase"]
[SourceDate "2023.11.12"]
[SourceVersion "1"]
[SourceVersionDate "2023.11.12"]
[SourceQuality "1"]

1. e4 c5 2. Nf3 d6 3. d4 cxd4 4. Nxd4 Nf6 5. Nc3 Nc6 6. Bg5 e6 7. Qd2 a6 8. 0-0-0 Bd7 9. f4 b5 10. Bxf6 gxf6 11. Kb1 Qb6 12. Nxc6 Bxc6 13. Qe1 0-0-0 14. f5 b4 15. Ne2 e5 16. Ng3 d5 17. Bd3 d4 18. Bc4 Rd7 19. Nh5 Bb5 20. Bd5 Rg8 21. Qf2 a5 22. Qf3 a4 23. g4 Rc7 24. h4 Qa6 25. Rh2 a3 26. g5 fxg5 27. f6 gxh4 28. Ng7 Kb8 29. Qf5 Bd6 30. Bb3 Rgc8 31. Qh3 Be2 32. Rd2 d3 33. Nf5 axb2 34. Ne3 Rc3 35. Rh1 dxc2+ 36. Bxc2 b3 37. Bxb3 Rc1+ 0-1

[Event "Chigorin Memorial 30th"]
[Site "St Petersburg"]
[Date "2023.10.27"]
[Round "7"]
[White "Kunin, Pavel1"]
[Black "Antipov, Fedor"]
[Result "0-1"]
[WhiteElo "2094"]
[BlackElo "1959"]
[PlyCount "88"]
[EventDate "2023.10.21"]
[EventType "swiss"]
[EventRounds "9"]
[EventCountry "RUS"]
[SourceTitle "Mega2024 Update 01"]
[Source "Chessbase"]
[SourceDate "2023.11.12"]
[SourceVersion "1"]
[SourceVersionDate "2023.11.12"]
[SourceQuality "1"]

1. Nf3 Nf6 2. b3 d5 3. Bb2 c5 4. e3 e6 5. d4 Bd6 6. Bd3 0-0 7. 0-0 b6 8. Ne5 Bb7 9. Nd2 Nbd7 10. f4 Ne4 11. Rf3 f6 12. Nxd7 Qxd7 13. Rh3 cxd4 14. Bxd4 g6 15. Nxe4 dxe4 16. Be2 Rad8 17. Bc3 Qc7 18. Qe1 Rc8 19. Qh4 Qe7 20. Bc4 Bd5 21. Rd1 b5 22. Bxd5 exd5 23. Ba1 Rxc2 24. Rg3 Rxa2 25. Qh5 Qf7 26. h4 Rc8 27. Bxf6 Qxf6 28. Qxd5+ Kf8 29. Qxd6+ Qxd6 30. Rxd6 Rc5 31. Rd4 a5 32. Rxe4 Rb2 33. b4 Rc1+ 34. Kh2 a4 35. f5 Rc4 36. Rxc4 bxc4 37. fxg6 hxg6 38. e4 Rb3 39. b5 a3 40. Rxg6 c3 41. h5 c2 42. Rc6 a2 43. h6 a1Q 44. h7 Qe5+ 0-1

[Event "Chigorin Memorial 30th"]
[Site "St Petersburg"]
[Date "2023.10.26"]
[Round "6"]
[White "Antipov, Fedor"]
[Black "Romanov, Nikita M"]
[Result "1-0"]
[WhiteElo "1959"]
[BlackElo "2149"]
[PlyCount "85"]
[EventDate "2023.10.21"]
[EventType "swiss"]
[EventRounds "9"]
[EventCountry "RUS"]
[SourceTitle "Mega2024 Update 01"]
[Source "Chessbase"]
[SourceDate "2023.11.12"]
[SourceVersion "1"]
[SourceVersionDate "2023.11.12"]
[SourceQuality "1"]

1. e4 c5 2. Nf3 Nc6 3. Nc3 g6 4. d4 cxd4 5. Nxd4 Bg7 6. Nb3 Nf6 7. Be2 0-0 8. 0-0 d6 9. Bg5 a6 10. Re1 b5 11. Bf1 h6 12. Bh4 Bb7 13. a4 b4 14. Nd5 Nd7 15. Qd2 a5 16. c3 bxc3 17. bxc3 g5 18. Bg3 e6 19. Ne3 Nde5 20. Rad1 Qb6 21. Rb1 Qc7 22. Nd4 Rfd8 23. Red1 Qe7 24. f3 Rac8 25. Rb6 h5 26. Rdb1 Ba8 27. Ba6 Rc7 28. h3 Kh7 29. Kh1 Bh6 30. Qe2 Rg8 31. Bb5 Rd8 32. Ba6 Qf6 33. Ndf5 Rcd7 34. Nd4 Ne7 35. Nc4 Nxc4 36. Bxc4 Nc8 37. Rb8 Na7 38. e5 dxe5 39. Bxe5 Qe7 40. Rxa8 Bg7 41. Rxd8 Rxd8 42. Bxg7 Kxg7 43. Nf5+ 1-0

[Event "Chigorin Memorial 30th"]
[Site "St Petersburg"]
[Date "2023.10.25"]
[Round "5"]
[White "Efimov, Leonid"]
[Black "Antipov, Fedor"]
[Result "1/2-1/2"]
[WhiteElo "2080"]
[BlackElo "1959"]
[PlyCount "119"]
[EventDate "2023.10.21"]
[EventType "swiss"]
[EventRounds "9"]
[EventCountry "RUS"]
[SourceTitle "Mega2024 Update 01"]
[Source "Chessbase"]
[SourceDate "2023.11.12"]
[SourceVersion "1"]
[SourceVersionDate "2023.11.12"]
[SourceQuality "1"]

1. Nf3 d5 2. g3 c5 3. Bg2 Nf6 4. 0-0 e6 5. c4 d4 6. e3 Nc6 7. exd4 cxd4 8. d3 Bd6 9. Bg5 h6 10. Bxf6 Qxf6 11. Nbd2 Qd8 12. a3 a5 13. Re1 0-0 14. Rb1 Re8 15. Qc2 a4 16. Rbc1 Ra5 17. b4 axb3 18. Nxb3 Rxa3 19. Nfxd4 Nxd4 20. Nxd4 Bb4 21. Nb5 Rxd3 22. Red1 Rxd1+ 23. Rxd1 Qe7 24. Na7 Bc5 25. Nxc8 Rxc8 26. Qb2 b6 27. Qe5 Qa7 28. Ra1 Qd7 29. Qe2 Qd8 30. Bb7 Rb8 31. Be4 Qf6 32. Ra2 Rd8 33. Kg2 Qd4 34. Ra8 Rxa8 35. Bxa8 g6 36. Be4 Kg7 37. h4 f5 38. Bb7 Kf6 39. f4 Kf7 40. Kh3 Bd6 41. Bc8 e5 42. fxe5 Bxe5 43. h5 Qc3 44. hxg6+ Kxg6 45. Qf2 f4 46. Kg2 Qxg3+ 47. Qxg3+ fxg3 48. Bd7 Kg5 49. Bc8 h5 50. Be6 Kf4 51. Bf7 h4 52. Be6 Ke3 53. Bc8 Kd4 54. Be6 Ke4 55. Bd5+ Kd3 56. Be6 Kd4 57. Bg8 Ke4 58. Bd5+ Ke3 59. Be6 Kd4 60. Bg8 1/2-1/2

[Event "St Petersburg Korchnoi Memorial op"]
[Site "St Petersburg"]
[Date "2023.08.21"]
[Round "6"]
[White "Fedorov, Semen"]
[Black "Antipov, Fedor"]
[Result "1/2-1/2"]
[WhiteElo "1652"]
[BlackElo "1942"]
[PlyCount "218"]
[EventDate "2023.08.18"]
[EventType "swiss"]
[EventRounds "9"]
[EventCountry "RUS"]
[SourceTitle "EXT 2024"]
[Source "ChessBase"]
[SourceDate "2023.10.10"]
[SourceVersion "1"]
[SourceVersionDate "2023.10.10"]
[SourceQuality "1"]

1. e4 c5 2. Nf3 e6 3. c3 d5 4. e5 d4 5. Bd3 Nc6 6. 0-0 Nge7 7. Re1 Ng6 8. g3 Nge7 9. Na3 Nd5 10. Nc2 Be7 11. Be4 0-0 12. cxd4 cxd4 13. Ncxd4 Nxd4 14. Nxd4 Nb4 15. Nf3 Nd3 16. Re3 Nc5 17. Bc2 Bd7 18. d4 Na6 19. Bd2 Bc6 20. Bc3 Nc7 21. Be4 Nd5 22. Re1 Rc8 23. Qd3 g6 24. Rac1 Qb6 25. Nd2 Rfd8 26. Qf3 Bg5 27. h4 Bh6 28. Nc4 Qb5 29. Ne3 Qa4 30. Nxd5 Bxd5 31. Bxd5 Rxd5 32. Ra1 b5 33. Qd1 Qc4 34. Qb3 Qd3 35. Kg2 Rc4 36. g4 Ra4 37. Rad1 Qc4 38. Qxc4 Rxc4 39. a3 Bf8 40. Re2 Bxa3 41. Ra1 Bb4 42. Bxb4 Rxb4 43. Rxa7 Rbxd4 44. f3 Rd2 45. Rxd2 Rxd2+ 46. Kg3 Rxb2 47. Rb7 b4 48. Kf4 b3 49. h5 gxh5 50. gxh5 Kg7 51. Rb4 Rb1 52. Kg5 h6+ 53. Kf4 b2 54. Rb8 Kh7 55. Rb7 Kg8 56. Rb8+ Kg7 57. Rb7 Kf8 58. Rb8+ Ke7 59. Rb7+ Kd8 60. Rb3 Kc7 61. Rc3+ Kb6 62. Rb3+ Kc5 63. Rb8 Kc4 64. Rc8+ Kd3 65. Rd8+ Ke2 66. Rb8 Kf2 67. Rb7 Kg2 68. Kg4 Kh1 69. Kh3 Kg1 70. Kg3 Kf1 71. Rb5 Ke1 72. Rb8 Kd1 73. Kf4 Kc2 74. Rc8+ Kb3 75. Rb8+ Kc3 76. Rc8+ Kb4 77. Rb8+ Kc5 78. Rc8+ Kd5 79. Rd8+ Kc6 80. Rb8 Kc7 81. Rb3 Kd8 82. Rb8+ Ke7 83. Rb7+ Kf8 84. Rb8+ Kg7 85. Rb7 Rh1 86. Rxb2 Rxh5 87. Rg2+ Kf8 88. Rg1 Rf5+ 89. Ke4 Rh5 90. f4 Rh3 91. Rg4 Rh1 92. Rg2 Re1+ 93. Kf3 Rf1+ 94. Ke4 Rh1 95. Kf3 Rh3+ 96. Ke4 h5 97. Rg5 Rh1 98. Kf3 Rf1+ 99. Ke3 h4 100. Rh5 Rh1 101. Kf3 h3 102. Kg3 Kg7 103. Rxh3 Rxh3+ 104. Kxh3 Kg6 105. Kg4 f6 106. exf6 Kxf6 107. Kg3 Kf5 108. Kf3 e5 109. fxe5 Kxe5 1/2-1/2

[Event "St Petersburg Korchnoi Memorial op"]
[Site "St Petersburg"]
[Date "2023.08.20"]
[Round "4"]
[White "Kalmachevskikh, Viktor"]
[Black "Antipov, Fedor"]
[Result "1-0"]
[WhiteElo "2239"]
[BlackElo "1942"]
[PlyCount "189"]
[EventDate "2023.08.18"]
[EventType "swiss"]
[EventRounds "9"]
[EventCountry "RUS"]
[SourceTitle "EXT 2024"]
[Source "ChessBase"]
[SourceDate "2023.10.10"]
[SourceVersion "1"]
[SourceVersionDate "2023.10.10"]
[SourceQuality "1"]

1. c4 Nf6 2. g3 e5 3. Bg2 c6 4. d4 exd4 5. Qxd4 d5 6. cxd5 cxd5 7. Nf3 Nc6 8. Qa4 Bc5 9. 0-0 0-0 10. Nc3 d4 11. Nb5 a6 12. Bf4 axb5 13. Qxa8 Nd7 14. Rac1 Nb6 15. Qxc8 Nxc8 16. Rxc5 Qb6 17. Rfc1 f6 18. h4 N8e7 19. Ne1 Ra8 20. Bd6 Qd8 21. Bf4 Qb6 22. Nd3 b4 23. Bd6 Qd8 24. Bxe7 Qxe7 25. Kf1 g6 26. Bxc6 bxc6 27. Rxc6 Ra7 28. Nf4 Rd7 29. Rc8+ Kf7 30. Rh8 Kg7 31. Rcc8 Qf7 32. a3 bxa3 33. bxa3 Ra7 34. Rhd8 Kh6 35. Rc1 Qb7 36. Kg1 Qb2 37. Rd1 Rxa3 38. R8xd4 Ra1 39. Kh2 Rxd1 40. Rxd1 g5 41. hxg5+ fxg5 42. Rd6+ Kg7 43. Ne6+ Kf6 44. Nc5+ Kf7 45. Ne4 Qe5 46. f3 h5 47. Kg2 h4 48. gxh4 gxh4 49. Kh3 Qh5 50. Rc6 Qa5 51. Kxh4 Qe1+ 52. Ng3 Qd1 53. Rc4 Kg6 54. Rg4+ Kf6 55. Nh5+ Kf7 56. e4 Qd8+ 57. Rg5 Qd2 58. Kg4 Qd1 59. Rf5+ Ke7 60. Rd5 Qc2 61. Ng3 Qc8+ 62. Nf5+ Kf6 63. Rd6+ Kf7 64. e5 Qc4+ 65. Nd4 Qc8+ 66. Kg5 Qg8+ 67. Kf4 Qg1 68. Rf6+ Ke8 69. Nf5 Qc1+ 70. Kg4 Qg1+ 71. Ng3 Qe3 72. f4 Qd3 73. Rd6 Qc2 74. Nh5 Qg2+ 75. Kf5 Ke7 76. Nf6 Qh3+ 77. Kg5 Qg2+ 78. Ng4 Qa2 79. f5 Qc2 80. Re6+ Kf8 81. Rd6 Ke7 82. Rh6 Qc1+ 83. Kg6 Qg1 84. Rh7+ Kd8 85. Kg5 Qc1+ 86. Kf6 Qc3 87. Nh6 Qc6+ 88. Kg7 Qg2+ 89. Kf8 Qa2 90. e6 Qa3+ 91. Kf7 Qa7+ 92. Kg8 Qa2 93. Rf7 Qg2+ 94. Kf8 Qa8 95. e7+ 1-0

[Event "Chigorin Memorial 29th"]
[Site "St Petersburg"]
[Date "2022.10.22"]
[Round "1"]
[White "Antipov, Fedor"]
[Black "Shubin, Kirill"]
[Result "0-1"]
[WhiteElo "1778"]
[BlackElo "2454"]
[PlyCount "98"]
[EventDate "2022.10.22"]
[EventType "swiss"]
[EventRounds "9"]
[EventCountry "RUS"]
[SourceTitle "EXT 2024"]
[Source "ChessBase"]
[SourceDate "2023.10.10"]
[SourceVersion "1"]
[SourceVersionDate "2023.10.10"]
[SourceQuality "1"]

1. e4 e6 2. d4 d5 3. e5 c5 4. c3 Qa5 5. Nd2 Nc6 6. Ngf3 Bd7 7. dxc5 Qc7 8. Nb3 Nxe5 9. Nxe5 Qxe5+ 10. Be3 Ne7 11. Qd4 Nc6 12. Qxe5 Nxe5 13. Be2 Rc8 14. 0-0 Be7 15. f4 Nc4 16. Bxc4 dxc4 17. Na5 Bxc5 18. Bxc5 Rxc5 19. Nxb7 Rc7 20. Nd6+ Ke7 21. Rad1 Rb8 22. Rd2 Rb6 23. Ne4 Bc6 24. Ng3 Rcb7 25. Rff2 f5 26. Rfe2 Kf6 27. Kf2 Rb5 28. Ke1 Bd5 29. Kd1 h6 30. Kc1 g5 31. Rd4 Kg6 32. fxg5 hxg5 33. Nf1 f4 34. h4 e5 35. Rdd2 e4 36. hxg5 Rh7 37. a4 Ra5 38. Rd4 Rh1 39. Rd1 Rxa4 40. Rxd5 Rxf1+ 41. Kc2 Raa1 42. Rxe4 Rac1+ 43. Kd2 Rfd1+ 44. Ke2 Rxd5 45. Rxf4 Rxg5 46. Rxc4 Rc2+ 47. Kf3 Rxb2 48. Rc7 a5 49. c4 Re5 0-1

[Event "Chigorin Memorial 28th"]
[Site "St Petersburg"]
[Date "2021.10.28"]
[Round "6"]
[White "Antipov, Fedor"]
[Black "Paltusov, Sergei"]
[Result "1/2-1/2"]
[WhiteElo "1395"]
[BlackElo "1798"]
[PlyCount "97"]
[EventDate "2021.10.23"]
[EventType "swiss"]
[EventRounds "9"]
[EventCountry "RUS"]
[SourceTitle "EXT 2023"]
[Source "ChessBase"]
[SourceDate "2022.10.05"]
[SourceVersion "1"]
[SourceVersionDate "2022.10.05"]
[SourceQuality "1"]

1. e4 c6 2. d4 d5 3. exd5 cxd5 4. Nf3 Bg4 5. h3 Bxf3 6. Qxf3 e6 7. Bd3 Nc6 8. c3 Nf6 9. 0-0 Be7 10. Nd2 0-0 11. Re1 a6 12. a4 Qc7 13. b4 e5 14. dxe5 Nxe5 15. Qe3 Nxd3 16. Qxd3 Rac8 17. Bb2 Rfd8 18. b5 Bc5 19. Re2 h6 20. Rae1 axb5 21. axb5 Qf4 22. g3 Qc7 23. Kg2 Qb6 24. Nb3 Ne4 25. Nd4 Bxd4 26. cxd4 Qg6 27. Rc2 Qf5 28. g4 Qf4 29. Rec1 Rxc2 30. Rxc2 g5 31. Bc1 Qd6 32. Ba3 Qb8 33. b6 Rc8 34. Qd1 Kg7 35. Qc1 Rxc2 36. Qxc2 Qf4 37. Bc1 Qf6 38. f3 Nd6 39. Qc5 Qe6 40. Kf2 Nc4 41. f4 Qe4 42. fxg5 Qc2+ 43. Kg3 Qxc1 44. gxh6+ Qxh6 45. Qxd5 Qe3+ 46. Kh4 Qc3 47. Qg5+ Kf8 48. Qd8+ Kg7 49. Qg5+ 1/2-1/2

[Event "Chigorin Memorial 28th"]
[Site "St Petersburg"]
[Date "2021.10.24"]
[Round "2"]
[White "Antipov, Fedor"]
[Black "Uskov, Artem"]
[Result "0-1"]
[WhiteElo "1395"]
[BlackElo "2147"]
[PlyCount "110"]
[EventDate "2021.10.23"]
[EventType "swiss"]
[EventRounds "9"]
[EventCountry "RUS"]
[SourceTitle "EXT 2023"]
[Source "ChessBase"]
[SourceDate "2022.10.05"]
[SourceVersion "1"]
[SourceVersionDate "2022.10.05"]
[SourceQuality "1"]

1. e4 Nf6 2. e5 Nd5 3. d4 d6 4. Bc4 Nb6 5. Bb3 e6 6. Nf3 Be7 7. 0-0 0-0 8. Bf4 d5 9. c3 c5 10. Bc2 cxd4 11. cxd4 Nc6 12. Nc3 Bd7 13. a3 f5 14. exf6 Bxf6 15. Re1 Rc8 16. Ne5 Bxe5 17. Bxe5 Nxe5 18. Rxe5 Qf6 19. Re2 Nc4 20. Qd3 g6 21. b3 Nd6 22. Rd2 Rc6 23. f3 Nf5 24. Ne2 Rfc8 25. Re1 Qg5 26. f4 Qf6 27. Rf1 Nd6 28. Bb1 R6c7 29. a4 b5 30. a5 b4 31. Qe3 Nb5 32. Bd3 Nc3 33. Ba6 Rf8 34. Nxc3 Rxc3 35. Rd3 e5 36. Bb7 exf4 37. Qf3 Kg7 38. Rxc3 Qxd4+ 39. Qf2 Qxf2+ 40. Kxf2 bxc3 41. Bxd5 Bf5 42. Kf3 g5 43. h3 Re8 44. b4 c2 45. Rc1 Re3+ 46. Kf2 Rd3 47. Bf3 Rb3 48. Ke2 Rxb4 49. Bg4 Rb1 50. Kd2 Rxc1 51. Kxc1 Bxg4 52. hxg4 h5 53. gxh5 g4 54. Kxc2 f3 55. gxf3 g3 0-1